[Event "XXVIII Memorial Edoardo Crespi B"]
[Site "Milano ITA"]
[Date "2007.12.09"]
[Round "6"]
[White "Delledonne, Francesco"]
[Black "Cantu', Guido"]
[Result "0-1"]
[WhiteElo "1837"]
[BlackElo "1887"]
[PlyCount "108"]
[EventDate "2007.12.06"]

1. d4 Nf6 2. c4 e6 3. Nf3 b6 4. a3 Bb7 5. Nc3 Be7 6. d5 exd5 7. cxd5 O-O 8. e4
d6 9. Bc4 Nbd7 10. O-O Ne5 11. Nxe5 dxe5 12. Qe2 Nd7 13. Rd1 a6 14. Qh5 Bc5 15.
Bg5 Nf6 16. Qh4 h6 17. Be3 Bxe3 18. fxe3 Qd6 19. b4 Rac8 20. Rac1 Rfd8 21. Bb3
Qe7 22. Qg3 c5 23. b5 axb5 24. Nxb5 Nxe4 25. Qf3 Nd6 26. a4 Nxb5 27. axb5 Qd6
28. e4 Ra8 29. Rf1 f6 30. Qh5 Ra3 31. Rf3 Bc8 32. Rg3 Kh8 33. Qg6 Rg8 34. Rf1
Bd7 35. Rgf3 Be8 36. Qg4 c4 37. Bd1 Rxf3 38. Rxf3 Qc5+ 39. Kh1 Bxb5 40. Rh3 Qd4
41. Qf3 Rf8 42. Be2 Qa1+ 43. Qf1 Qxf1+ 44. Bxf1 Rc8 45. Rc3 Ba6 46. Kg1 Kg8 47.
d6 Kf8 48. d7 Rd8 49. Bxc4 Bxc4 50. Rxc4 Rxd7 51. Kf2 Rb7 52. Kf3 Ke7 53. Kg4
b5 54. Rb4 Kd6 0-1

[Event "XXVIII Memorial Edoardo Crespi B"]
[Site "Milano ITA"]
[Date "2007.12.09"]
[Round "6"]
[White "Di Paola, Antonio"]
[Black "Brighenti, Alessandro"]
[Result "1/2-1/2"]
[WhiteElo "1806"]
[BlackElo "1614"]
[PlyCount "50"]
[EventDate "2007.12.06"]

1. d4 Nf6 2. c4 g6 3. Nc3 d5 4. Nf3 Bg7 5. Bg5 Ne4 6. Bf4 Nxc3 7. bxc3 O-O 8.
e3 c5 9. cxd5 cxd4 10. cxd4 Qxd5 11. Be2 Nc6 12. O-O Bf5 13. Qa4 Rac8 14. Rfc1
a6 15. Bc4 Qa5 16. Qxa5 Nxa5 17. Bb3 Nxb3 18. axb3 Bc2 19. b4 Rc3 20. Ra5 Rb3
21. Rc5 Be4 22. Nd2 Rxb4 23. Nxe4 b5 24. Rc7 Re8 25. Ra7 Ra4 1/2-1/2

[Event "XXVIII Memorial Edoardo Crespi B"]
[Site "Milano ITA"]
[Date "2007.12.09"]
[Round "6"]
[White "Fantina, Carla"]
[Black "Centofante, Maria Rosa"]
[Result "0-1"]
[WhiteElo "1839"]
[BlackElo "1544"]
[PlyCount "88"]
[EventDate "2007.12.06"]

1. c4 Nf6 2. Nc3 c6 3. g3 d5 4. cxd5 Nxd5 5. Bg2 Nxc3 6. bxc3 Nd7 7. Nf3 Nf6 8.
O-O e6 9. d4 Qc7 10. c4 c5 11. Qb3 Rb8 12. Bf4 Bd6 13. Bxd6 Qxd6 14. Rfd1 O-O
15. Qc2 b6 16. e4 Qc7 17. e5 Nd7 18. Ng5 g6 19. f4 cxd4 20. Rxd4 Qc5 21. Rad1
Re8 22. h4 f5 23. Nf3 Bb7 24. Kh2 Nf8 25. Ng5 Bxg2 26. Qxg2 h6 27. Nf3 Rbc8 28.
g4 Kh8 29. h5 Rc7 30. hxg6 Nxg6 31. Qh3 fxg4 32. Qxg4 Qf8 33. Rg1 Rg7 34. Qh5
Nxf4 35. Ng5 Kg8 36. Qxh6 Ng6 37. Qh3 Qf2+ 38. Rg2 Qxd4 39. Nxe6 Qxe5+ 40. Kg1
Rxe6 41. Qf3 Nf4 42. Qa8+ Re8 43. Rxg7+ Kxg7 44. Qxa7+ Re7 0-1

[Event "XXVIII Memorial Edoardo Crespi B"]
[Site "Milano ITA"]
[Date "2007.12.09"]
[Round "6"]
[White "Fiorelli, Paolo"]
[Black "Cervesato, Ivan"]
[Result "0-1"]
[WhiteElo "1500"]
[BlackElo "1667"]
[PlyCount "86"]
[EventDate "2007.12.06"]

1. d4 Nf6 2. c4 g6 3. Nc3 d5 4. cxd5 Nxd5 5. e4 Nxc3 6. bxc3 Bg7 7. Nf3 O-O 8.
Rb1 c5 9. Be3 Nc6 10. Be2 Qa5 11. Qd2 Rd8 12. Rb5 Qa3 13. Rxc5 Qxc5 14. dxc5
Rxd2 15. Bxd2 Be6 16. a4 Na5 17. Nd4 Bb3 18. O-O Bc4 19. Rb1 Bxe2 20. Nxe2 Rd8
21. Bg5 Rd7 22. Nd4 Bxd4 23. cxd4 Rxd4 24. f3 f6 25. Be3 Rxa4 26. Rd1 Ra3 27.
Rd8+ Kf7 28. Kf2 Ra2+ 29. Kg3 Nc4 30. Bf2 a5 31. Rb8 Rb2 32. Ra8 Ke6 33. Ra7
Kd7 34. Be1 Rb5 35. Bf2 Kc6 36. Ra8 Kd7 37. Rh8 a4 38. Rxh7 a3 39. Bd4 a2 40.
Bxf6 Ke6 41. Bd4 Nb2 42. Rg7 a1=Q 43. Rxg6+ Kd7 0-1

[Event "XXVIII Memorial Edoardo Crespi B"]
[Site "Milano ITA"]
[Date "2007.12.09"]
[Round "6"]
[White "Fizzotti, Mario"]
[Black "Epitome, Nando"]
[Result "1-0"]
[WhiteElo "1843"]
[BlackElo "1673"]
[PlyCount "59"]
[EventDate "2007.12.06"]

1. c4 e6 2. e4 c5 3. Nc3 d6 4. Nf3 Nd7 5. d4 cxd4 6. Nxd4 a6 7. g3 Ngf6 8. Bg2
Be7 9. O-O O-O 10. Be3 Qc7 11. Rc1 Rb8 12. f4 b6 13. e5 dxe5 14. Nc6 Bd6 15.
Nxb8 Qxb8 16. Qc2 exf4 17. Bxf4 e5 18. Be3 Re8 19. Nd5 Bb7 20. Qf2 Bxd5 21.
Bxd5 Nc5 22. Rcd1 a5 23. g4 Qc7 24. g5 Nxd5 25. Rxd5 Re6 26. h4 h6 27. Qf5 g6
28. Qf2 hxg5 29. hxg5 Be7 30. Qxf7+ 1-0

[Event "XXVIII Memorial Edoardo Crespi B"]
[Site "Milano ITA"]
[Date "2007.12.09"]
[Round "6"]
[White "Gavioli, Fabrizio"]
[Black "Casale, Anania"]
[Result "1/2-1/2"]
[WhiteElo "1592"]
[BlackElo "1711"]
[PlyCount "38"]
[EventDate "2007.12.06"]

1. e4 e5 2. Nf3 Nc6 3. Bb5 a6 4. Bxc6 dxc6 5. O-O Nf6 6. Nxe5 Bc5 7. c3 Nxe4 8.
d4 Be7 9. Nd2 Nxd2 10. Bxd2 O-O 11. f4 c5 12. dxc5 Bxc5+ 13. Kh1 Be6 14. Qc2
Qd6 15. Rad1 Rad8 16. b4 Ba7 17. Bc1 Bf5 18. Rxd6 Bxc2 19. Rxd8 Rxd8 1/2-1/2

[Event "XXVIII Memorial Edoardo Crespi B"]
[Site "Milano ITA"]
[Date "2007.12.09"]
[Round "6"]
[White "Giovannini, Roberto"]
[Black "Versari, Marino"]
[Result "1-0"]
[WhiteElo "2013"]
[BlackElo "1530"]
[PlyCount "76"]
[EventDate "2007.12.06"]

1. Nf3 Nf6 2. g3 d5 3. Bg2 e6 4. O-O Bc5 5. d4 Be7 6. Nbd2 O-O 7. Re1 c5 8. e4
cxd4 9. Nxd4 dxe4 10. Nxe4 Nbd7 11. Bg5 Rb8 12. Nxf6+ Bxf6 13. Bxf6 Nxf6 14.
Nb5 Qb6 15. Qd6 Qxd6 16. Nxd6 Rd8 17. Nxc8 Rdxc8 18. c3 Rd8 19. Rad1 b6 20. Bf3
Ne8 21. a4 Nc7 22. b4 Kf8 23. b5 Ke7 24. c4 Rxd1 25. Rxd1 Rd8 26. Rc1 Rd4 27.
c5 Kd8 28. cxb6 axb6 29. Ra1 Rd6 30. Bc6 Nd5 31. a5 bxa5 32. Rxa5 Nb4 33. Ra8+
Kc7 34. Ra7+ Kb6 35. Rxf7 Nxc6 36. bxc6 Kxc6 37. Rxg7 h5 38. Rg6 Kd7 1-0

[Event "XXVIII Memorial Edoardo Crespi B"]
[Site "Milano ITA"]
[Date "2007.12.09"]
[Round "6"]
[White "Guerra, Efrain"]
[Black "Villalba, Fernando"]
[Result "1-0"]
[WhiteElo "1900"]
[BlackElo "1891"]
[PlyCount "57"]
[EventDate "2007.12.06"]

1. e4 c5 2. Nf3 Nc6 3. d4 cxd4 4. Nxd4 g6 5. Bc4 Bg7 6. c3 Nf6 7. Qe2 d6 8. O-O
O-O 9. Bg5 Qb6 10. Nb3 Ne5 11. Be3 Qc7 12. Bd3 Nxd3 13. Qxd3 Be6 14. N1d2 a6
15. Nd4 Bd7 16. f3 Rac8 17. c4 Bc6 18. b4 Qb8 19. a4 Be8 20. Ra3 Nd7 21. Rb1
Ne5 22. Qb3 Nc6 23. Nxc6 bxc6 24. b5 cxb5 25. cxb5 Rc7 26. b6 Rb7 27. Nc4 Bd7
28. Na5 Be6 29. Qb4 1-0

[Event "XXVIII Memorial Edoardo Crespi B"]
[Site "Milano ITA"]
[Date "2007.12.09"]
[Round "6"]
[White "Manca, Renato"]
[Black "Gandolfi, Gianfranco"]
[Result "1/2-1/2"]
[WhiteElo "1843"]
[BlackElo "1856"]
[PlyCount "113"]
[EventDate "2007.12.06"]

1. d4 c5 2. e4 cxd4 3. c3 d5 4. Qxd4 dxe4 5. Qxe4 Nf6 6. Bb5+ Nbd7 7. Qa4 e6 8.
Bg5 Be7 9. Nf3 O-O 10. O-O Nc5 11. Qc2 a6 12. Be2 Qc7 13. Nbd2 b5 14. Rad1 Bb7
15. Bxf6 Bxf6 16. h4 Qc6 17. h5 h6 18. Rfe1 Rac8 19. Nb3 Nxb3 20. axb3 Qc5 21.
Nh2 Qg5 22. Ng4 Rfd8 23. Nxf6+ gxf6 24. g3 f5 25. Kh2 e5 26. Rxd8+ Rxd8 27. Rd1
Rxd1 28. Qxd1 f4 29. Qd6 f3 30. Bf1 Qxh5+ 31. Kg1 Kg7 32. Qe7 Bc8 33. Qh4 Qxh4
34. gxh4 f5 35. c4 bxc4 36. bxc4 a5 37. c5 Bb7 38. Bb5 Kf6 39. Bd7 Ke7 40. Bxf5
Bc6 41. Kh2 Kf6 42. Bg4 e4 43. Kg3 Ke5 44. Bh5 Kd5 45. Kf4 Kxc5 46. Ke3 Kb4 47.
Bf7 a4 48. h5 a3 49. bxa3+ Kxa3 50. Bg6 Kb4 51. Bxe4 Be8 52. Bxf3 Kc5 53. Kf4
Kd6 54. Kf5 Ke7 55. Be4 Bxh5 56. Bc2 Kd6 57. Ba4 1/2-1/2

[Event "XXVIII Memorial Edoardo Crespi B"]
[Site "Milano ITA"]
[Date "2007.12.09"]
[Round "6"]
[White "Marcangeli, Alessandro"]
[Black "Pietralunga, Vittorio"]
[Result "1-0"]
[WhiteElo "1712"]
[BlackElo "1625"]
[PlyCount "61"]
[EventDate "2007.12.06"]

1. d4 d5 2. Nf3 Nf6 3. Bf4 Nc6 4. h3 e6 5. e3 Bd6 6. Ne5 Bd7 7. c3 Qe7 8. Bd3
g6 9. Nd2 Nh5 10. Bh2 f6 11. Nxg6 Qg7 12. Qxh5 O-O-O 13. Bxd6 hxg6 14. Qxg6
Rdg8 15. Qxg7 Rxg7 16. Bg3 e5 17. O-O-O e4 18. Be2 f5 19. Rdg1 Rg6 20. b4 Rhg8
21. Rh2 Ne7 22. Bf4 Rb6 23. h4 Rgg6 24. h5 Rgc6 25. Kb2 a6 26. h6 Kb8 27. h7
Ng6 28. h8=Q+ Nxh8 29. Rxh8+ Bc8 30. Rgh1 Rg6 31. g3 1-0

[Event "XXVIII Memorial Edoardo Crespi B"]
[Site "Milano ITA"]
[Date "2007.12.09"]
[Round "6"]
[White "Marino, Marco"]
[Black "Falsetti, Paolo"]
[Result "1-0"]
[WhiteElo "1858"]
[BlackElo "1551"]
[PlyCount "64"]
[EventDate "2007.12.06"]

1. e4 c6 2. d4 d5 3. Nc3 dxe4 4. Nxe4 Nf6 5. Nxf6+ exf6 6. Be3 Bd6 7. Bc4 Nd7
8. Qh5 Qe7 9. Ne2 Nb6 10. Bb3 a5 11. a4 O-O 12. O-O Be6 13. Bxe6 fxe6 14. Nc3
Nc4 15. Bc1 f5 16. Qe2 Nb6 17. Re1 Rae8 18. Qf3 Qc7 19. h3 Nd7 20. Ne2 e5 21.
Qb3+ Kh8 22. dxe5 Nxe5 23. Bd2 Rf6 24. Nd4 f4 25. Nf3 g5 26. Nxe5 Bxe5 27. Rxe5
Rxe5 28. Bc3 Qe7 29. Bxe5 Qxe5 30. Qxb7 h5 31. Rd1 Qc5 32. Rd7 Rg6 1-0

[Event "XXVIII Memorial Edoardo Crespi B"]
[Site "Milano ITA"]
[Date "2007.12.09"]
[Round "6"]
[White "Melino, Gianluca"]
[Black "Gatta, Luca"]
[Result "0-1"]
[WhiteElo "1819"]
[BlackElo "1578"]
[PlyCount "54"]
[EventDate "2007.12.06"]

1. d4 d5 2. Bg5 h6 3. Bh4 Nf6 4. Bxf6 exf6 5. e3 Bd6 6. a3 c6 7. c4 dxc4 8.
Bxc4 Qc7 9. h3 Bf5 10. Nc3 O-O 11. Rc1 Nd7 12. Bd3 Bxd3 13. Qxd3 Rfe8 14. Nf3
Rad8 15. Nb5 Qa5+ 16. b4 Qxb5 17. Qb3 Nb6 18. Nd2 Qa4 19. Qc3 Nd5 20. Qd3 Nf4
21. Qf5 Qxa3 22. O-O Ne2+ 23. Kh1 Nxc1 24. Ne4 Rxe4 25. Qxe4 Nd3 26. Kg1 Nxb4
27. g4 Qb3 0-1

[Event "XXVIII Memorial Edoardo Crespi B"]
[Site "Milano ITA"]
[Date "2007.12.09"]
[Round "6"]
[White "Pohossov, Eduard"]
[Black "Raineri, Pieroberto"]
[Result "1-0"]
[WhiteElo "1464"]
[BlackElo "1614"]
[PlyCount "81"]
[EventDate "2007.12.06"]

1. e4 c5 2. Nf3 Nc6 3. Be2 g6 4. O-O Bg7 5. Nc3 Nf6 6. d3 O-O 7. Ne1 Nd4 8. f4
Nxe2+ 9. Qxe2 d6 10. h3 b5 11. Nxb5 Qb6 12. c4 Nd7 13. Nc3 e6 14. Nf3 Bb7 15.
Rb1 Bxc3 16. bxc3 Qxb1 17. Nh4 Qb6 18. f5 Qd8 19. f6 Kh8 20. Bg5 h5 21. g4 hxg4
22. hxg4 Kh7 23. Qh2 Rh8 24. Nf5+ Kg8 25. Nh6+ Kf8 26. Qxd6+ Ke8 27. d4 cxd4
28. cxd4 Nb6 29. Qa3 Rc8 30. c5 Qxd4+ 31. Be3 Qxe4 32. c6 Rc7 33. cxb7 Rxb7 34.
g5 Nd5 35. Bxa7 Nf4 36. Qf3 Qxf3 37. Rxf3 Rxa7 38. Rxf4 Rxa2 39. Rc4 Kd7 40.
Nxf7 Rc8 41. Ne5+ 1-0

[Event "XXVIII Memorial Edoardo Crespi B"]
[Site "Milano ITA"]
[Date "2007.12.09"]
[Round "6"]
[White "Silari, Andrea"]
[Black "Dogic, Mirhad"]
[Result "1-0"]
[WhiteElo "1721"]
[BlackElo "1759"]
[PlyCount "48"]
[EventDate "2007.12.06"]

1. e4 e5 2. Nf3 Nc6 3. Bb5 d6 4. d4 Bd7 5. d5 Nb8 6. Bxd7+ Nxd7 7. c4 Ngf6 8.
Nc3 Be7 9. O-O O-O 10. b4 Nb6 11. Qe2 Qc8 12. Be3 c6 13. c5 dxc5 14. bxc5 Nbd7
15. d6 Bd8 16. Nxe5 Nxe5 17. f4 Ng6 18. e5 Nd7 19. Rf3 b6 20. Rh3 Nxc5 21. Qh5
h6 22. f5 Nh4 23. Rf1 Nd3 24. Bxh6 Nxe5 1-0

[Event "XXVIII Memorial Edoardo Crespi B"]
[Site "Milano ITA"]
[Date "2007.12.09"]
[Round "6"]
[White "Squarci, Franco"]
[Black "Cani, Gazmir"]
[Result "0-1"]
[WhiteElo "1831"]
[BlackElo "1719"]
[PlyCount "84"]
[EventDate "2007.12.06"]

1. Nf3 c5 2. e4 d6 3. Bc4 Nc6 4. c3 e6 5. O-O Nf6 6. Re1 Be7 7. Na3 O-O 8. Nc2
d5 9. exd5 exd5 10. Bb5 Bd6 11. d4 a6 12. Bd3 Bg4 13. h3 Bh5 14. Be3 cxd4 15.
Ncxd4 Re8 16. Qc2 Rc8 17. Nxc6 bxc6 18. Nd4 c5 19. Nf5 c4 20. Be2 Bg6 21. g4
Qc7 22. Bf3 Ne4 23. Nxd6 Qxd6 24. Bxe4 Bxe4 25. Qd2 Qf6 26. f4 h5 27. g5 Qf5
28. Qh2 Re6 29. Bd4 Rce8 30. Re3 Bd3 31. Rae1 Rxe3 32. Rxe3 Rxe3 33. Bxe3 Qe6
34. Qg3 h4 35. Qf2 Qxh3 36. Bd4 Be4 37. Qh2 Qg4+ 38. Kf2 Qf3+ 39. Ke1 h3 40.
Bg1 Qd3 41. Kf2 Bg2 42. g6 fxg6 0-1

[Event "XXVIII Memorial Edoardo Crespi B"]
[Site "Milano ITA"]
[Date "2007.12.09"]
[Round "6"]
[White "Weiss, Nicolo'"]
[Black "Olivo, Mario"]
[Result "0-1"]
[WhiteElo "1536"]
[BlackElo "1887"]
[PlyCount "94"]
[EventDate "2007.12.06"]

1. d4 Nf6 2. c4 g6 3. Nc3 Bg7 4. Nf3 d6 5. g3 O-O 6. Bg2 Nc6 7. O-O e5 8. d5
Na5 9. Qa4 c5 10. b4 cxb4 11. Qxb4 b6 12. e4 Nb7 13. Ba3 Nc5 14. Rfe1 a5 15.
Qb1 Ba6 16. Nd2 Rb8 17. Qc2 Nfd7 18. Rab1 f5 19. exf5 gxf5 20. Ne2 Qe7 21. Bc1
Qf7 22. Nb3 Nxb3 23. Rxb3 Nc5 24. Rb1 e4 25. Bf4 Qf6 26. Be3 Nd3 27. Red1 Rfc8
28. Rxb6 Rxb6 29. Bxb6 Rxc4 30. Qd2 Rb4 31. Qe3 Bh6 32. f4 exf3 33. Qe8+ Bf8
34. Bd8 fxe2 35. Re1 Qd4+ 36. Kh1 Nf2+ 37. Kg1 Ng4+ 38. Kh1 Qe5 39. Qe6+ Kg7
40. h3 Nf6 41. Kh2 Rb8 42. Bxf6+ Qxf6 43. Qd7+ Kg6 44. Bf3 Qe7 45. Qc6 Bb5 46.
Qc2 Qe3 47. Bh5+ Kf6 0-1

[Event "I Open Hotel President A"]
[Site "Correggio ITA"]
[Date "2007.12.07"]
[Round "1"]
[White "Barletta, Mauro"]
[Black "Fiorentini, Paolo"]
[Result "1-0"]
[WhiteElo "2248"]
[BlackElo "1984"]
[PlyCount "35"]
[EventDate "2007.12.07"]

1. e4 d6 2. d4 Nf6 3. Nc3 Nbd7 4. f4 e5 5. Nf3 exd4 6. Qxd4 a6 7. Bc4 b5 8. Bd5
Nxd5 9. Nxd5 Nc5 10. Be3 Bb7 11. O-O Bxd5 12. Qxd5 Be7 13. Bxc5 dxc5 14. Qc6+
Kf8 15. Rad1 Qc8 16. Rd7 Ra7 17. Rxe7 Kxe7 18. Qxc5+ 1-0

[Event "I Open Hotel President A"]
[Site "Correggio ITA"]
[Date "2007.12.07"]
[Round "1"]
[White "Bonade', Massimo"]
[Black "Prati, Alessandro"]
[Result "1-0"]
[WhiteElo "2168"]
[BlackElo "1877"]
[PlyCount "43"]
[EventDate "2007.12.07"]

1. d4 d5 2. c4 e6 3. Nc3 Nf6 4. Bg5 Nbd7 5. e3 c6 6. Nf3 Qa5 7. Nd2 Bb4 8. Qc2
dxc4 9. Bxf6 Nxf6 10. Nxc4 Qc7 11. Bd3 O-O 12. O-O Bxc3 13. bxc3 b5 14. Ne5 Bb7
15. f4 Rac8 16. f5 Nd5 17. fxe6 Nxe3 18. Bxh7+ Kh8 19. Qe4 Qe7 20. Qxe3 Kxh7
21. Qh3+ Kg8 22. exf7+ 1-0

[Event "I Open Hotel President A"]
[Site "Correggio ITA"]
[Date "2007.12.07"]
[Round "1"]
[White "Buriani, Andrea"]
[Black "Rubini, Alessandro"]
[Result "1-0"]
[WhiteElo "2138"]
[BlackElo "1733"]
[PlyCount "73"]
[EventDate "2007.12.07"]

1. d4 Nf6 2. Nf3 g6 3. Nbd2 Bg7 4. e4 d6 5. Bd3 O-O 6. O-O Nfd7 7. Re1 e5 8. c3
Nc6 9. Nb3 Qe8 10. Qc2 h6 11. Bd2 Ne7 12. dxe5 dxe5 13. Re2 b6 14. g3 Nb8 15.
Nh4 g5 16. Ng2 Be6 17. Ne3 c6 18. Rd1 a5 19. a4 Qc8 20. Bc4 Bg4 21. Nxg4 Qxg4
22. Be3 Nd7 23. f3 Qh3 24. Red2 Nf6 25. Bxb6 g4 26. Be2 Ng6 27. Bxa5 gxf3 28.
Bxf3 h5 29. Bb4 Bh6 30. Bxf8 Bxd2 31. Qxd2 Rxf8 32. Qg5 Ng4 33. Bxg4 hxg4 34.
Nc5 Kg7 35. Rf1 Kh7 36. Nd7 Re8 37. Rxf7+ 1-0

[Event "I Open Hotel President A"]
[Site "Correggio ITA"]
[Date "2007.12.07"]
[Round "1"]
[White "Caposciutti, Maurizio"]
[Black "Tagliagambe, Stefano"]
[Result "1-0"]
[WhiteElo "2301"]
[BlackElo "2017"]
[PlyCount "59"]
[EventDate "2007.12.07"]

1. Nf3 Nf6 2. d4 d6 3. g3 Bg4 4. Bg2 c6 5. O-O e6 6. c4 Be7 7. Nc3 O-O 8. e4 d5
9. cxd5 exd5 10. e5 Ne4 11. Qb3 Nxc3 12. bxc3 Qb6 13. Ba3 Bxa3 14. Qxa3 Qc7 15.
Nd2 b5 16. h3 Bh5 17. f4 f5 18. Rae1 Nd7 19. e6 Nf6 20. Re5 Rae8 21. Rfe1 Bg6
22. Qc1 h5 23. Nb3 Qe7 24. Nc5 h4 25. Qe3 Ne4 26. Nxe4 dxe4 27. g4 Qd6 28. gxf5
Bxf5 29. Bxe4 Bxe6 30. Bg6 1-0

[Event "I Open Hotel President A"]
[Site "Correggio ITA"]
[Date "2007.12.07"]
[Round "1"]
[White "De Biaggi, Paolo"]
[Black "Malfagia, Andrea"]
[Result "0-1"]
[WhiteElo "1949"]
[BlackElo "2244"]
[PlyCount "28"]
[EventDate "2007.12.07"]

1. e4 e6 2. d4 d5 3. exd5 exd5 4. Bd3 c5 5. Qe2+ Be7 6. dxc5 Nf6 7. c3 O-O 8.
Be3 Re8 9. b4 a5 10. Kf1 axb4 11. cxb4 Ng4 12. Bb5 Nc6 13. Bxc6 bxc6 14. Qd3
Ba6 0-1

[Event "I Open Hotel President A"]
[Site "Correggio ITA"]
[Date "2007.12.07"]
[Round "1"]
[White "Efimov, Igor"]
[Black "Bertani, Gianfranco"]
[Result "1/2-1/2"]
[WhiteElo "2446"]
[BlackElo "2107"]
[PlyCount "67"]
[EventDate "2007.12.07"]

1. d4 f5 2. Nf3 Nf6 3. c4 e6 4. d5 Bb4+ 5. Bd2 Qe7 6. Nc3 b6 7. dxe6 dxe6 8. g3
Bb7 9. Bg2 O-O 10. O-O Nbd7 11. a3 Bxc3 12. Bxc3 Ne4 13. Qc2 Nxc3 14. Qxc3 Bxf3
15. Bxf3 Rad8 16. Rfd1 Qf6 17. Qxf6 Nxf6 18. Kf1 Kf7 19. Ke1 Ke7 20. Rdc1 c5
21. b4 Rc8 22. b5 e5 23. Bc6 a5 24. Ra2 Rcd8 25. Rd2 Rxd2 26. Kxd2 Rd8+ 27. Ke1
Rd4 28. Rc3 g5 29. e3 Rd6 30. Ke2 a4 31. Rc1 Ne4 32. Bxe4 fxe4 33. Rd1 Rxd1 34.
Kxd1 1/2-1/2

[Event "I Open Hotel President A"]
[Site "Correggio ITA"]
[Date "2007.12.07"]
[Round "1"]
[White "Frigieri, Fabrizio"]
[Black "Genocchio, Daniele"]
[Result "0-1"]
[WhiteElo "2074"]
[BlackElo "2433"]
[PlyCount "136"]
[EventDate "2007.12.07"]

1. e4 c5 2. Nf3 Nf6 3. e5 Nd5 4. c3 Nc6 5. d4 cxd4 6. cxd4 d6 7. exd6 e6 8. Bd3
Qxd6 9. O-O Be7 10. Nbd2 O-O 11. a3 Nf4 12. Nc4 Qc7 13. Bb1 Rd8 14. Qc2 Ng6 15.
Nce5 Bd7 16. h4 Rac8 17. Qe4 f5 18. Qe3 Ncxe5 19. dxe5 Bb5 20. Ba2 Bxf1 21.
Bxe6+ Kh8 22. Bxc8 Rd1 23. h5 Nf8 24. Bxf5 Bd3+ 25. Kh2 Bxf5 26. b4 Ne6 27. Bb2
Rxa1 28. Bxa1 a6 29. h6 g6 30. Nd4 Nxd4 31. Bxd4 Be6 32. f3 Qd8 33. Bb6 Qf8 34.
Bd4 g5 35. g4 Qxh6+ 36. Kg2 Qg6 37. Kg3 Kg8 38. Bc3 h5 39. Qb6 h4+ 40. Kh2 Qc2+
41. Kh3 Kf7 42. Qe3 Qd1 43. Kg2 Bd5 44. Bd4 Ke6 45. Bb6 Bc6 46. Ba7 Bd8 47. Bc5
Bc7 48. Bd4 h3+ 49. Kxh3 Bxf3 50. Qxg5 Qh1+ 51. Kg3 Qg2+ 52. Kf4 Qd2+ 53. Be3
Qd5 54. Qf5+ Ke7 55. Bc5+ Ke8 56. Qf8+ Kd7 57. Qe7+ Kc8 58. Qf8+ Kd7 59. Qe7+
Kc8 60. Qf8+ Bd8 61. Qf5+ Kc7 62. Kg3 Be4 63. Bd6+ Kb6 64. Qf2+ Kc6 65. Qf8
Qd3+ 66. Kh2 Qe2+ 67. Kg3 Qg2+ 68. Kf4 Qf3# 0-1

[Event "I Open Hotel President A"]
[Site "Correggio ITA"]
[Date "2007.12.07"]
[Round "1"]
[White "Guglielmi, Dante"]
[Black "Sciortino, Massimo"]
[Result "0-1"]
[WhiteElo "1925"]
[BlackElo "2221"]
[PlyCount "46"]
[EventDate "2007.12.07"]

1. c4 Nf6 2. Nc3 e5 3. g3 d5 4. cxd5 Nxd5 5. Bg2 Nb6 6. Nf3 Nc6 7. O-O Be7 8.
e3 h5 9. h4 Bg4 10. d4 exd4 11. exd4 Qd7 12. Qd3 O-O-O 13. Be3 Kb8 14. Ne4 f6
15. Qc3 Qf5 16. Nfd2 Nd5 17. Qc4 g5 18. Nc5 Bxc5 19. Qxc5 Nxe3 20. fxe3 Qxc5
21. dxc5 Rxd2 22. Rxf6 gxh4 23. Raf1 hxg3 0-1

[Event "I Open Hotel President A"]
[Site "Correggio ITA"]
[Date "2007.12.07"]
[Round "1"]
[White "Lucchi, Lorenzo"]
[Black "Molina, Fabrizio"]
[Result "0-1"]
[WhiteElo "2003"]
[BlackElo "2278"]
[PlyCount "46"]
[EventDate "2007.12.07"]

1. Nf3 d5 2. g3 Nf6 3. Bg2 Nbd7 4. O-O e5 5. d3 Bd6 6. Nbd2 O-O 7. Re1 c6 8. e4
Re8 9. exd5 cxd5 10. c4 Nc5 11. Nb3 e4 12. dxe4 dxe4 13. Nxc5 exf3 14. Rxe8+
Qxe8 15. Qxd6 Qe1+ 16. Bf1 Bh3 17. Qd3 Ng4 18. Ne4 Re8 19. b3 Ne5 20. Bf4 Qxa1
21. Bxe5 Bxf1 22. Qc3 Qd1 23. Qd4 Bd3# 0-1

[Event "I Open Hotel President A"]
[Site "Correggio ITA"]
[Date "2007.12.07"]
[Round "1"]
[White "Mrdja, Milan"]
[Black "Gilevych, Artem"]
[Result "1-0"]
[WhiteElo "2408"]
[BlackElo "2060"]
[PlyCount "65"]
[EventDate "2007.12.07"]

1. e4 e6 2. d4 d5 3. Nc3 Bb4 4. e5 c5 5. a3 Bxc3+ 6. bxc3 Qc7 7. Qg4 f5 8. Qg3
cxd4 9. cxd4 Ne7 10. Bd2 O-O 11. Bd3 b6 12. Ne2 Ba6 13. Nf4 Qd7 14. Bb4 Rf7 15.
h4 Bxd3 16. Qxd3 Nbc6 17. Bd2 Rc8 18. h5 Nd8 19. h6 g6 20. c3 Rc4 21. Qg3 Kh8
22. Ne2 Ndc6 23. Bg5 Ng8 24. O-O Na5 25. Rfe1 Qc8 26. Bf6+ Nxf6 27. exf6 Rc6
28. Nf4 Rxc3 29. f3 Rc6 30. Nxe6 Rc2 31. Ng5 Rf8 32. Re7 Rc7 33. Rae1 1-0

[Event "I Open Hotel President A"]
[Site "Correggio ITA"]
[Date "2007.12.07"]
[Round "1"]
[White "Paoli, Walter"]
[Black "Dvirnyy, Danyyil"]
[Result "1/2-1/2"]
[WhiteElo "2026"]
[BlackElo "2333"]
[PlyCount "80"]
[EventDate "2007.12.07"]

1. e4 c5 2. c3 g6 3. d4 cxd4 4. cxd4 Bg7 5. Nc3 d6 6. Bb5+ Bd7 7. Bxd7+ Qxd7 8.
Nf3 Nf6 9. h3 O-O 10. O-O Nc6 11. Be3 d5 12. Ne5 Qe6 13. Nxc6 bxc6 14. e5 Nd7
15. Rc1 f6 16. f4 fxe5 17. fxe5 Rxf1+ 18. Kxf1 Rd8 19. Qg4 Rf8+ 20. Kg1 Rf5 21.
Ne2 Nf6 22. Qg3 Ne4 23. Qe1 Rf8 24. Ng3 Nxg3 25. Qxg3 Qc8 26. Bg5 Qb7 27. Qc3
Rb8 28. b3 e6 29. Rf1 Qb6 30. Bf6 Bf8 31. Kh1 Qb4 32. Qf3 Qb7 33. Bg5 Bg7 34.
Bf6 Bf8 35. Bg5 c5 36. Qf6 Qd7 37. dxc5 Bxc5 38. Bh6 Qe7 39. Qf3 Rd8 40. Qg4
Re8 1/2-1/2

[Event "I Open Hotel President A"]
[Site "Correggio ITA"]
[Date "2007.12.07"]
[Round "1"]
[White "Reggi, Matteo"]
[Black "Raineri, Valerio"]
[Result "1/2-1/2"]
[WhiteElo "1856"]
[BlackElo "2144"]
[PlyCount "91"]
[EventDate "2007.12.07"]

1. e4 e5 2. f4 exf4 3. Bc4 Qh4+ 4. Kf1 d6 5. Nc3 Be6 6. Bxe6 fxe6 7. Qe2 Nc6 8.
Nf3 Qh6 9. d4 a6 10. d5 Nd8 11. Qc4 e5 12. Qxc7 Ne7 13. h4 Qf6 14. Bd2 h6 15.
Rc1 g6 16. b3 Bg7 17. Na4 Rc8 18. Qa5 O-O 19. Nb6 Rc7 20. Bb4 Nf7 21. Nc4 Rd7
22. Nb6 Rc7 23. c4 Nc8 24. Na4 Qe7 25. Nc3 g5 26. hxg5 hxg5 27. Qa3 Nh8 28. Nd1
b6 29. Nf2 Ng6 30. Ke2 Nh4 31. Nxh4 gxh4 32. Rh3 Kf7 33. Rch1 Rh8 34. Be1 Qg5
35. R1h2 Bf6 36. Rf3 Qg6 37. Kd1 a5 38. Qb2 Ne7 39. Qd2 Ng8 40. a4 Nh6 41. Qd3
Ke7 42. Bc3 Nf7 43. Nh3 Nh6 44. Nf2 Nf7 45. Nh3 Nh6 46. Nf2 1/2-1/2

[Event "I Open Hotel President A"]
[Site "Correggio ITA"]
[Date "2007.12.07"]
[Round "1"]
[White "Scalcione, Michelangelo"]
[Black "Chierici, Marianna"]
[Result "1-0"]
[WhiteElo "2357"]
[BlackElo "2040"]
[PlyCount "57"]
[EventDate "2007.12.07"]

1. Nf3 Nf6 2. c4 d6 3. d4 Nbd7 4. Nc3 e5 5. e4 Be7 6. Be2 c6 7. O-O O-O 8. Re1
Re8 9. Bf1 Qc7 10. Rb1 Nf8 11. h3 Ne6 12. d5 Nf8 13. b4 a6 14. Bd2 Ng6 15. a4
Bf8 16. a5 Nh5 17. Na4 Nhf4 18. Nb6 Rb8 19. Kh2 f5 20. g3 fxe4 21. Ng5 Bf5 22.
Nxe4 cxd5 23. cxd5 Bxe4 24. Rxe4 Nxd5 25. Bc4 Be7 26. Nxd5 Qd8 27. Nxe7+ Kf8
28. Qf3+ Kxe7 29. Qf7# 1-0